| 000 | 00725nam a2200253Ia 4500 | ||
|---|---|---|---|
| 003 | OSt | ||
| 005 | 20221007063521.0 | ||
| 006 | a|||||r|||| 00| 0 | ||
| 007 | ta | ||
| 008 | 221006b |||||||| |||| 00| 0 eng d | ||
| 024 | _a25,456 | ||
| 037 | _cReports / Technical Reports | ||
| 040 |
_aFLL _cFLL _beng |
||
| 041 |
_2eng _aeng |
||
| 082 | _aV2:1:N3, H4 | ||
| 100 | _aSinha Narendra Krishna | ||
| 245 | 0 | _aHistory of India | |
| 250 | _a1st | ||
| 260 |
_aCalcutta _bA. Mukherjee & Bros. India _c1944 |
||
| 300 |
_aii,882p _ccm. |
||
| 700 | _a Banerjee Anil Chandra | ||
| 942 |
_hV2:1:N3, H4 _cREP _2CC |
||
| 999 |
_c1131422 _d1131422 |
||